| 000 | 00535nam a2200181 a 4500 | ||
|---|---|---|---|
| 001 | 4148 | ||
| 005 | 20140414131935.0 | ||
| 008 | 090331s19uu xx 00 eng d | ||
| 020 | _a1-58185-015-8 | ||
| 050 |
_aREF 523.1 _bUe1 1998 |
||
| 100 | _aUebelacker, Erich Dr. | ||
| 245 |
_aThe Universe to the limits of space and time / _cby Dr. Erich Uebelacker. |
||
| 260 |
_aNuremberg, Germany : _bTessloff Pub., _cc1998. |
||
| 300 | _a48 p. : col. ill. ; 29 cm. | ||
| 440 | _aStart me up! | ||
| 500 | _aIncludes index | ||
| 999 |
_c112427 _d112427 |
||